Algunos obstáculos a la democracia centroamericana: una visión desde Costa Rica /

Αποθηκεύτηκε σε:
Λεπτομέρειες βιβλιογραφικής εγγραφής
Κύριος συγγραφέας: Vega Carballo, José Luis
Μορφή: Κείμενο
Θέματα:
Ετικέτες: Προσθήκη ετικέτας
Δεν υπάρχουν, Καταχωρήστε ετικέτα πρώτοι!

MARC

LEADER 00000 a a2200000 04500
001 13970
003
040
100 |a Vega Carballo, José Luis  
245 |a Algunos obstáculos a la democracia centroamericana:   |b una visión desde Costa Rica /  |c José Luis Vega Carballo 
650 |a DEMOCRACIA  
650 |a HISTORIA SOCIAL  
650 |a SOCIOLOGIA  
650 |a DEMOCRATIZACION  
773 |g número 10; páginas 59-61  
999 |c 25761  |d 25761